000 02091nam a22003737a 4500
005 20110217154136.0
008 110217t xxu||||| |||| 00| 0 eng d
010 _aENG-102033 B-445171-175
020 _a9780071074278
_c375.00
020 _a0071074279
_c375.00
035 _aEN-85566 B-445171-175
037 _bDBAD/PUB
040 _adpl
_bEng
082 _a300.72
100 _aKalof, Linda
_912973
_d1919-
245 _aEssentials of social research /
_cby Linda Kalof, Amy Dan [and] Thomas Dietz
260 _aNew Delhi
_bTata McGraw-Hill
_c2010
270 _a7, West Patel Nagar
_bNew Delhi
_e110008
300 _avii, 225 p.
_c24 cm (pbk)
500 _aIncludes bibliographical references and index.
650 _926034
650 _926038
700 _926035
_aDan, Amy
700 _aDietz, Thomas
_926045
700 _926036
942 _2ddc
_cEN
_mKAL
_h300.72
999 _c50619
_d50619